Estadísticas para La mayoría de las pulsaciones de teclas - Sprint de 15 segundos

Haz click aquí para intentar la prueba.

Estadísticas generales

  • Esta prueba ha sido intentada 638 veces
  • La puntuación promedio es 71 de 160

Estadísticas de respuestas

#% Correcto
1
98%
2
96%
3
96%
4
94%
5
94%
6
94%
7
92%
8
91%
9
91%
10
89%
11
89%
12
88%
13
86%
14
86%
15
84%
16
83%
17
82%
18
81%
19
80%
20
79%
21
79%
22
78%
23
75%
24
74%
25
74%
26
74%
27
73%
28
72%
29
71%
30
71%
31
70%
32
70%
33
70%
34
70%
35
68%
36
68%
37
67%
38
67%
39
65%
40
65%
41
64%
42
64%
43
63%
44
63%
45
63%
46
61%
47
61%
48
60%
49
60%
50
60%
51
60%
52
59%
53
59%
54
58%
55
57%
56
57%
57
56%
58
55%
59
55%
60
53%
61
53%
62
53%
63
53%
64
53%
65
52%
66
52%
67
51%
68
51%
69
50%
70
49%
71
49%
72
48%
73
48%
74
47%
75
47%
76
46%
77
45%
78
44%
79
43%
80
42%
81
42%
82
42%
83
41%
84
41%
85
40%
86
40%
87
40%
88
39%
89
38%
90
38%
91
37%
92
37%
93
37%
94
36%
101
35%
95
35%
100
34%
102
34%
103
34%
104
34%
105
34%
96
34%
97
34%
98
34%
99
34%
106
32%
107
32%
108
32%
109
30%
110
29%
111
29%
112
29%
113
27%
114
27%
115
26%
116
25%
117
24%
118
22%
119
22%
120
22%
121
22%
122
21%
123
20%
124
19%
125
19%
126
19%
127
18%
128
18%
129
17%
130
17%
131
17%
132
17%
133
16%
134
14%
135
14%
136
14%
137
14%
138
13%
139
12%
140
12%
141
11%
142
9%
143
6%
144
6%
145
6%
146
6%
147
6%
148
5%
149
4%
150
4%
151
4%
152
4%
153
4%
154
4%
155
4%
156
4%
157
4%
159
4%
160
4%
158
2%

Distribución de puntuación

Porcentaje por número respondido

Porcentaje de gente con cada puntuación

Historial de tus puntuaciones

No has intentado esta prueba.